Trouvez le nom de l'acteur - Série 02 - Statistiques

Statistiques générales
  • Ce quiz a été pris 72 fois
  • Le résultat moyen est 6 sur 10
Statistiques - réponses
Films Acteur % Correct
Les valseuses - La chèvre - Christophe Colomb Gérard Depardieu
91%
Les bronzés - Les visiteurs - Papy fait de la résistance Christian Clavier
88%
Le pacha - La traversée de Paris - Le clan des Siciliens Jean Gabin
77%
Les valseuses - Coup de tête - Adieu poulet Patrick Dewaere
77%
La scoumoune - Léon Morin, prêtre - Les Morfalous Jean Paul Belmondo
55%
Tête à claques - La gifle - Le roi des cons Francis Perrin
42%
Le juge et l'assassin - Le petit baigneur - Le viager Michel Galabru
42%
J'ai épousé une ombre - Les égouts du paradis - Le dîner de cons Francis Huster
39%
L'étudiante - Welcome - La Baule les Pins Vincent Lindon
36%
Perceval le Gallois - P.R.O.F.S - Le colonel Chabert Fabrice Luchini
33%
Aucun quiz correspondant
Distribution des résultats
% des personnes avec chaque résultat
Percentile par nombre de réponses
Votre historique - résultats
Vous n’avez pas pris ce quiz